40 Największych miast państw śródlądowych Europy - Statystyki

Ogólne statystyki
  • Ten quiz został rozwiązany 179 razy
  • Średni wynik to 18 z 40
Statystyki odpowiedzi
lp. Ludność Miasto % Poprawnych
5 1 280 508 Praga
95%
2 1 840 573 Wiedeń
94%
3 1 752 704 Budapeszt
92%
9 432 801 Bratysława
88%
1 1 974 819 Mińsk
88%
4 1 659 440 Belgrad
81%
11 387 890 Zurych
74%
10 404 820 Brno
70%
6 671 800 Kiszyniów
66%
7 537 478 Skopje
63%
23 201 164 Genewa
58%
33 148 256 Salzburg
57%
17 296 224 Ostrawa
54%
20 239 141 Koszyce
52%
38 132 236 Innsbruck
49%
12 381 388 Nowy Sad
49%
16 347 576 Brześć
48%
18 273 838 Graz
48%
24 197 283 Linz
46%
14 370 919 Grodno
43%
27 170 322 Pilzno
43%
22 203 914 Debreczyn
39%
8 535 229 Homel
37%
28 169 916 Bazylea
36%
40 129 000 Lozanna
29%
15 370 298 Witebsk
28%
30 167 754 Miszkolc
26%
13 380 440 Mohylew
26%
39 131 267 Gyor
25%
19 260 237 Nisz
24%
32 156 049 Pecz
22%
29 168 048 Segedyn
21%
31 159 163 Tyraspol
21%
26 179 079 Baranowicze
16%
34 147 100 Borysów
16%
36 141 554 Subotica
15%
21 216 522 Bobrujsk
12%
25 180 252 Kragujevac
12%
35 144 800 Bielce
11%
37 137 961 Pińsk
11%
Nie znaleziono quizów pasujących do podanych kryteriów
Rozkład punktacji
Procent ludzi z każdym wynikiem
Percentyl według liczby udzielonych odpowiedzi
Twoja historia wyników
Nie rozwiązałeś tego quizu